Postupujúca agónia slovenského bankového sektora v deväťdesiatych rokoch a jej riešenie

Prudký rozvoj bankového sektora, ktorý nastal po roku 1993. Reštrukturalizácia bankového sektora, ktorá patrila medzi priority hospodárskej politiky v období deväťdesiatych rokov. Ozdravenie reštrukturalizovaných bánk. Privatizácia reštrukturalizovaných bánk. Reštrukturalizácia a následná privatizác...

Descrizione completa

Salvato in:
Dettagli Bibliografici
Autore principale: Fifeková, Elena
Natura: Capitolo di libro
Lingua:slovacco
Soggetti:
Tags: Aggiungi Tag
Nessun Tag, puoi essere il primo ad aggiungerne!!

MARC

LEADER 00000naa a2200000 4500
001 0262843
005 20240502074157.5
041 0 |a slo 
044 |a SK 
245 1 0 |a Postupujúca agónia slovenského bankového sektora v deväťdesiatych rokoch a jej riešenie  |c Elena Fifeková 
520 |a Prudký rozvoj bankového sektora, ktorý nastal po roku 1993. Reštrukturalizácia bankového sektora, ktorá patrila medzi priority hospodárskej politiky v období deväťdesiatych rokov. Ozdravenie reštrukturalizovaných bánk. Privatizácia reštrukturalizovaných bánk. Reštrukturalizácia a následná privatizácia bánk ako nevyhnutná pre kapitalizáciu celého sektora. 
610 2 0 |a sektor finančný 
610 2 0 |a bankovníctvo 
610 2 0 |a reštrukturalizácia 
610 2 0 |a privatizácia 
610 2 0 |a kapitalizácia 
100 1 |a Fifeková, Elena